| 000 | 00565nam a22001577a 4500 | ||
|---|---|---|---|
| 003 | macl | ||
| 005 | 20190704115525.0 | ||
| 008 | 190704b xxu||||| |||| 00| 0 eng d | ||
| 040 | _cmacl | ||
| 082 | _a891.433/NAR/S | ||
| 100 |
_aनारगं ,सुदर्शन _975773 |
||
| 245 | _aकैसा यह शहर सुदर्शन नारंग की सम्पूर्ण कहानियॉ | ||
| 260 |
_aहापुड _bसंभावना प्रकाशन _c2018 |
||
| 651 |
_aकहानियॉ _968568 |
||
| 942 |
_2ddc _cHIN |
||
| 999 |
_c60415 _d60415 |
||